Women at work-a meeting on the status of women in astronomy (Record no. 10756)

MARC details
000 -LEADER
fixed length control field 00966nam a2200229Ia 4500
003 - CONTROL NUMBER IDENTIFIER
control field IN-BaIIA
008 - FIXED-LENGTH DATA ELEMENTS--GENERAL INFORMATION
fixed length control field 211028s9999 xx 000 0 eng d
040 ## - CATALOGING SOURCE
Transcribing agency IIA Library
080 ## - UNIVERSAL DECIMAL CLASSIFICATION NUMBER
Universal Decimal Classification number 52(082.2)
Item number WOM
111 ## - MAIN ENTRY--MEETING NAME
Meeting name or jurisdiction name as entry element Meeting on the Status of Women in Astronomy
Location of meeting Maryland
Date of meeting or treaty signing 1992 Sept. 8-9
9 (RLIN) 18351
245 #0 - TITLE STATEMENT
Title Women at work-a meeting on the status of women in astronomy
Remainder of title proceedings of a workshop held at the Space Telescope Science Institute, Baltimore, Maryland, September 8-9, 1992
Statement of responsibility, etc. edited by M. C. Urry…[et al.]
260 ## - PUBLICATION, DISTRIBUTION, ETC.
Place of publication, distribution, etc. Maryland
Name of publisher, distributor, etc. Space Telescope Science Institute
Date of publication, distribution, etc. 1992
300 ## - PHYSICAL DESCRIPTION
Extent xiii, 207p.
650 ## - SUBJECT ADDED ENTRY--TOPICAL TERM
Topical term or geographic name entry element Demographic of the profession
9 (RLIN) 18352
650 ## - SUBJECT ADDED ENTRY--TOPICAL TERM
Topical term or geographic name entry element National perspectives
9 (RLIN) 18353
650 ## - SUBJECT ADDED ENTRY--TOPICAL TERM
Topical term or geographic name entry element Women in astronomy
9 (RLIN) 18354
700 ## - ADDED ENTRY--PERSONAL NAME
Personal name Danly, L., ed.
9 (RLIN) 17142
700 ## - ADDED ENTRY--PERSONAL NAME
Personal name Gonzaga, S., ed
9 (RLIN) 18355
700 ## - ADDED ENTRY--PERSONAL NAME
Personal name Sherbert, L. E., ed.
9 (RLIN) 18356
700 ## - ADDED ENTRY--PERSONAL NAME
Personal name Urry, M. C., ed.
9 (RLIN) 18357
942 ## - ADDED ENTRY ELEMENTS (KOHA)
Koha item type Books
Holdings
Withdrawn status Lost status Damaged status Not for loan Home library Current library Shelving location Date acquired Total Checkouts Full call number Barcode Date last seen Price effective from Koha item type
        IIA Library-Bangalore IIA Library-Bangalore General Stacks 06/08/1993   52(082.2)/ WOM 11667 05/11/2021 06/08/1993 Books

Powered by Koha